| 000 | 006370000a22002650004500 | ||
|---|---|---|---|
| 082 |
_a335.4 _bW854i |
||
| 518 | _a2008-02-01 | ||
| 530 | _aM | ||
| 100 | _aWood, Ellen Meiksins, ed. | ||
| 100 | _aFoster, John Bellamy, ed. | ||
| 245 | _aIn defense of history; Marxism and the postmodern agenda | ||
| 020 | _a81-87879-75-0 | ||
| 260 |
_aDelhi _bAakar Books, India |
||
| 260 | _c2006 | ||
| 300 |
_a204p. _billus. |
||
| 041 | _aEng | ||
| 650 | _aSocialism | ||
| 650 | _aMarxism | ||
| 650 | _aHistory | ||
| 650 | _aPolitics | ||
| 650 | _aPostmodernism | ||
| 650 | _aIntellectuals | ||
| 005 | 20120907084950.0 | ||
| 942 | _cGEN | ||
| 999 |
_c43522 _d43522 |
||